000
00220nam a22000857a 4500
008
170228b xxu||||| |||| 00| 0 eng d
100
_9
2954
_a
Aggarwal.A.
245
_a
Lab Manual- Mathematics-IX
260
_a
New delhi
_b
APC
_c
2009
999
_c
6198
_d
6198